000 00826nam a2200253Ia 4500
003 OSt
005 20220923215633.0
006 a|||||r|||| 00| 0
007 ta
008 220922b |||||||| |||| 00| 0 hin d
024 _a180,484
037 _cTextual
040 _aARTS
_cARTS
_bhin
041 _2hin
_ahin
082 _aO152,2N26,AY:g, M7
100 _aसंजीव कुमार
_9156290
245 0 _aअन्धायुग
_b निकष पर
246 _aAndhāyuga: nikaṣh para
260 _aकूरूक्षेत्र
_b संजीव प्रकाशन
_c1987
300 _a146 पृ.
_ccm.
650 _aहिन्दी साहित्य
_9156264
942 _hO152,2N26,AY:g, M7
_cTEXL
_2CC
999 _c333862
_d333862